Country by Landscape #4 - Statistics

General Stats
  • This quiz has been taken 43 times
  • The average score is 7 of 16
Answer Stats
Picture Answer % Correct
Italy
69%
Laos
63%
Switzerland
54%
Turkey
51%
Iceland
49%
Sri Lanka
46%
The Philippines
46%
Colombia
43%
Ecuador
40%
Botswana
37%
Libya
37%
Panama
37%
Seychelles
34%
Tonga
31%
Mozambique
20%
Haiti
6%
No matching quizzes found
Score Distribution
Percent of People with Each Score
Percentile by Number Answered
Your Score History
You have not taken this quiz